A Biologist's guide to principles and techniques of practical biochemistry / (Record no. 3442)
[ view plain ]
| 000 -LEADER | |
|---|---|
| fixed length control field | 01055nac a22002891u 4500 |
| 010 ## - | |
| -- | 87179824 |
| 020 ## - INTERNATIONAL STANDARD BOOK NUMBER | |
| International Standard Book Number | 0713129425 (pbk.) |
| 082 00 - DEWEY DECIMAL CLASSIFICATION NUMBER | |
| Classification number | 574.19202 |
| Item number | W6911 |
| 090 ## - LOCALLY ASSIGNED LC-TYPE CALL NUMBER (OCLC); LOCAL CALL NUMBER (OCLC) | |
| -- | 3442 |
| -- | 3442 |
| 100 ## - MAIN ENTRY--PERSONAL NAME | |
| Personal name | Wilson, Keith |
| 245 02 - TITLE STATEMENT | |
| Title | A Biologist's guide to principles and techniques of practical biochemistry / |
| Statement of responsibility, etc | edited by Keith Wilson and Kenneth H. Goulding. |
| 250 ## - EDITION STATEMENT | |
| Edition statement | 3rd ed. |
| 260 ## - | |
| -- | London ; |
| -- | Baltimore, Md., U.S.A. : |
| -- | E. Arnold, |
| -- | 1986. |
| 300 ## - PHYSICAL DESCRIPTION | |
| Extent | xix, 396 p. : |
| Other physical details | ill. ; |
| Dimensions | 23 cm. |
| 336 ## - CONTENT TYPE | |
| Source | rdacontent |
| Content type term | text |
| Content type code | txt |
| 337 ## - MEDIA TYPE | |
| Media type term | unmediated |
| Source | rdamedia |
| Media type code | n |
| 338 ## - CARRIER TYPE | |
| Carrier type term | volume |
| Carrier type code | nc |
| Source | rdacarrier |
| 440 #2 - | |
| -- | A Series of student texts in contemporary biology |
| 500 ## - GENERAL NOTE | |
| General note | Donations. |
| 500 ## - GENERAL NOTE | |
| General note | Donations - Bibliotheca Alexandrina. |
| 504 ## - BIBLIOGRAPHY, ETC. NOTE | |
| Bibliography, etc | Includes bibliographies and index. |
| 650 #0 - SUBJECT ADDED ENTRY--TOPICAL TERM | |
| Topical term or geographic name as entry element | Biochemistry |
| General subdivision | Technique. |
| 700 1# - ADDED ENTRY--PERSONAL NAME | |
| Personal name | Wilson, Keith, |
| Dates associated with a name | 1936- |
| 700 1# - ADDED ENTRY--PERSONAL NAME | |
| Personal name | Goulding, Kenneth H. |
| 740 0# - ADDED ENTRY--UNCONTROLLED RELATED/ANALYTICAL TITLE | |
| Uncontrolled related/analytical title | Principles and techniques of practical biochemistry. |
| 942 ## - ADDED ENTRY ELEMENTS (KOHA) | |
| Koha item type | Book - Borrowing |
| Call number prefix | 574.19202W6911 |
| Classification part | RDA-MOD |
| Withdrawn status | Lost status | Source of classification or shelving scheme | Damaged status | Not for loan | Home library | Current library | Shelving location | Date acquired | Source of acquisition | Total Checkouts | Full call number | Barcode | Date last seen | Date checked out | Koha item type |
|---|---|---|---|---|---|---|---|---|---|---|---|---|---|---|---|
| Dewey Decimal Classification | Central Library | Central Library | First floor | 07/04/2011 | Purchase | 1 | 574.19202 WIL | 000030248 | 30/03/2026 | 24/03/2026 | Book - Borrowing |